[Event "CUB-ch U18"]
[Site "San Nicolas de Bari"]
[Date "2012.04.15"]
[Round "2"]
[White "Leon Valdes, Jony Wilson"]
[Black "Girones Barrios, Yans Richard"]
[Result "1/2-1/2"]
[WhiteElo "2191"]
[BlackElo "2310"]
[PlyCount "37"]
[EventDate "2012.04.15"]
[EventType "swiss"]
[EventRounds "9"]
[EventCountry "CUB"]
[SourceTitle "CBM 148 Extra"]
[Source "ChessBase"]
[SourceDate "2012.06.22"]
[SourceVersion "1"]
[SourceVersionDate "2012.06.22"]
[SourceQuality "1"]

1. d4 Nf6 2. Nf3 e6 3. g3 d5 4. Bg2 c5 5. 0-0 Nc6 6. a3 Qc7 7. c4 dxc4 8. Qa4 Bd7 9. Qxc4 Na5 10. Qc2 Rc8 11. Bd2 Qb6 12. dxc5 Bxc5 13. Bxa5 Qxa5 14. Nc3 Qc7 15. Rac1 0-0 16. b4 Be7 17. Qb2 Qb8 18. h3 Rfd8 19. e3 1/2-1/2

[Event "Capablanca Memorial op-A 46th"]
[Site "Havana"]
[Date "2011.05.15"]
[Round "5"]
[White "Girones Barrios, Yans Richard"]
[Black "Machado Escanio, Michel Rene"]
[Result "1/2-1/2"]
[WhiteElo "2221"]
[BlackElo "2309"]
[PlyCount "116"]
[EventDate "2011.05.11"]
[EventType "swiss"]
[EventRounds "10"]
[EventCountry "CUB"]
[SourceTitle "CBM 142 Extra"]
[Source "ChessBase"]
[SourceDate "2011.06.27"]
[SourceVersion "1"]
[SourceVersionDate "2011.06.27"]
[SourceQuality "1"]

1. d4 d5 2. c4 Nc6 3. cxd5 Qxd5 4. e3 e5 5. Nc3 Bb4 6. Bd2 Bxc3 7. bxc3 Nf6 8. c4 Qd6 9. d5 Ne7 10. Qa4+ Bd7 11. Qb3 Ne4 12. Bb4 Nc5 13. Qa3 b6 14. e4 0-0 15. Bxc5 bxc5 16. Bd3 Rfb8 17. Ne2 Rb4 18. 0-0 Nc8 19. Qc1 c6 20. f4 cxd5 21. exd5 f5 22. fxe5 Qxe5 23. Qg5 Nd6 24. Rae1 h6 25. Qf4 Re8 26. Qxe5 Rxe5 27. Nf4 Rxe1 28. Rxe1 Kf7 29. Ne6 Nxc4 30. Nxc5 Nb6 31. Nxd7 Nxd7 32. Bxf5 Nb6 33. Rd1 Rb5 34. d6 Rxf5 35. d7 Nxd7 36. Rxd7+ Kg6 37. Rxa7 Rc5 38. a4 Rc1+ 39. Kf2 Rc2+ 40. Kg3 Rc3+ 41. Kh4 Rc2 42. Kh3 Rc3+ 43. g3 Rc2 44. a5 Ra2 45. a6 h5 46. Ra8 Kh6 47. a7 Kg6 48. g4 Ra3+ 49. Kh4 hxg4 50. Kxg4 Ra4+ 51. Kf3 Ra3+ 52. Ke4 Ra4+ 53. Kd3 Ra3+ 54. Kc4 Ra4+ 55. Kb3 Ra1 56. h4 Kh7 57. h5 Ra6 58. Kb4 Ra1 1/2-1/2

[Event "Capablanca Memorial op-A 46th"]
[Site "Havana"]
[Date "2011.05.13"]
[Round "3"]
[White "Otero Acosta, Diasmany"]
[Black "Girones Barrios, Yans Richard"]
[Result "1-0"]
[WhiteElo "2440"]
[BlackElo "2221"]
[PlyCount "91"]
[EventDate "2011.05.11"]
[EventType "swiss"]
[EventRounds "10"]
[EventCountry "CUB"]
[SourceTitle "CBM 142 Extra"]
[Source "ChessBase"]
[SourceDate "2011.06.27"]
[SourceVersion "1"]
[SourceVersionDate "2011.06.27"]
[SourceQuality "1"]

1. d4 d5 2. c4 dxc4 3. Nf3 Nf6 4. e3 e6 5. Bxc4 c5 6. 0-0 a6 7. Qe2 b5 8. Bd3 Nbd7 9. a4 b4 10. Nbd2 Bb7 11. Nc4 Be7 12. Rd1 cxd4 13. exd4 Nb6 14. Na5 Bxf3 15. Qxf3 Qd5 16. Qxd5 Nbxd5 17. Nc6 Bd6 18. a5 0-0 19. Bd2 Rfc8 20. Rdc1 Kf8 21. Ne5 Bxe5 22. dxe5 Nd7 23. Rxc8+ Rxc8 24. Bxa6 Rc2 25. Be3 Nxe3 26. fxe3 Nxe5 27. Bb7 Nc6 28. Bxc6 Rxc6 29. a6 Rc8 30. Kf2 Ke7 31. Ke2 Kd6 32. Kd3 Ra8 33. Kc4 Kc6 34. Kxb4 Kb6 35. a7 f5 36. Kc4 Kb7 37. Kb5 e5 38. Rd1 Re8 39. Rd7+ Ka8 40. Rxg7 f4 41. e4 Rf8 42. b4 h5 43. Ka6 Rf6+ 44. Ka5 h4 45. b5 h3 46. b6 1-0

[Event "CUB-ch U16"]
[Site "Camaguey"]
[Date "2010.07.15"]
[Round "8"]
[White "Moreno Duran, Alexei de Jesus"]
[Black "Girones Barrios, Yans Richard"]
[Result "1-0"]
[WhiteElo "1873"]
[BlackElo "2180"]
[PlyCount "55"]
[EventDate "2010.07.08"]
[EventType "swiss"]
[EventRounds "9"]
[EventCountry "CUB"]
[SourceTitle "EXT 2013"]
[Source "ChessBase"]
[SourceDate "2012.11.22"]
[SourceVersion "1"]
[SourceVersionDate "2012.11.22"]
[SourceQuality "1"]

1. e4 e5 2. Nf3 Nc6 3. d4 exd4 4. Nxd4 Nf6 5. Nxc6 bxc6 6. Bd3 d5 7. e5 Nd7 8. 0-0 Nc5 9. Be2 Be7 10. Nd2 0-0 11. Nf3 Ne6 12. c3 f6 13. Nd4 Nxd4 14. cxd4 Rb8 15. Bd3 fxe5 16. dxe5 Bf5 17. f4 Qd7 18. Qc2 d4 19. b3 Bxd3 20. Qxd3 Qd5 21. Bd2 c5 22. Rae1 a5 23. f5 a4 24. Rf3 axb3 25. axb3 Rb6 26. Rh3 Qf7 27. f6 gxf6 28. e6 1-0

[Event "Havana Province-ch sf Fase 1"]
[Site "Havana"]
[Date "2010.05.16"]
[Round "8"]
[White "Girones Barrios, Yans Richard"]
[Black "Leon Valdes, Jony Wilson"]
[Result "1/2-1/2"]
[WhiteElo "2184"]
[BlackElo "2128"]
[PlyCount "46"]
[EventDate "2010.05.05"]
[EventType "swiss"]
[EventRounds "9"]
[EventCountry "CUB"]
[EventCategory "1"]
[SourceTitle "EXT 2019"]
[Source "ChessBase"]
[SourceDate "2018.10.10"]
[SourceVersion "1"]
[SourceVersionDate "2018.10.10"]
[SourceQuality "1"]

1. d4 e6 2. c4 d5 3. Nc3 f5 4. Nf3 Nf6 5. Bg5 c6 6. e3 Nbd7 7. Ne5 Bd6 8. f4 0-0 9. Bd3 Qe8 10. 0-0 Ne4 11. Nxe4 fxe4 12. Be2 Nxe5 13. fxe5 Rxf1+ 14. Qxf1 Be7 15. Qf4 Bxg5 16. Qxg5 Bd7 17. Rf1 Qd8 18. Qg3 Qe7 19. Bh5 Rf8 20. c5 Rxf1+ 21. Kxf1 b6 22. b4 b5 23. Qf4 Qf8 1/2-1/2

[Event "Havana Marcos Cup"]
[Site "Havana"]
[Date "2010.04.10"]
[Round "4"]
[White "Mendez Fortes, Eduardo Jesus"]
[Black "Girones Barrios, Yans Richard"]
[Result "1/2-1/2"]
[WhiteElo "2310"]
[BlackElo "2176"]
[PlyCount "41"]
[EventDate "2010.04.05"]
[EventType "tourn"]
[EventRounds "14"]
[EventCountry "CUB"]
[EventCategory "1"]
[SourceTitle "CBM 136 Extra"]
[Source "ChessBase"]
[SourceDate "2010.07.02"]
[SourceVersion "2"]
[SourceVersionDate "2010.07.15"]
[SourceQuality "1"]

1. e4 e5 2. Nf3 Nc6 3. d4 exd4 4. Nxd4 Bc5 5. Be3 Qf6 6. c3 Nge7 7. Bc4 Ne5 8. Be2 Qg6 9. 0-0 0-0 10. Kh1 d5 11. f4 Ng4 12. Bc1 Bxd4 13. f5 Qd6 14. Bxg4 Be5 15. exd5 Qxd5 16. Qxd5 Nxd5 17. Na3 c6 18. Nc4 Bc7 19. Ne3 Rd8 20. Nxd5 Rxd5 21. Be3 1/2-1/2